<?xml version="1.0" encoding="UTF-8"?>
<marc:record xmlns:marc="http://www.loc.gov/MARC21/slim">
   <marc:leader>00000nam a2200000 a 4500</marc:leader>
   <marc:datafield ind1="1" ind2=" " tag="100">
      <marc:subfield code="a">Rath Hans</marc:subfield>
      <marc:subfield code="4">aut</marc:subfield>
      <marc:subfield code="e">Verfasser/-in</marc:subfield>
   </marc:datafield>
   <marc:datafield ind1=" " ind2=" " tag="653">
      <marc:subfield code="a">Kriminalroman</marc:subfield>
   </marc:datafield>
   <marc:datafield ind1="0" ind2="0" tag="245">
      <marc:subfield code="a">Bullenbrüder - Tote haben keine Ferien</marc:subfield>
   </marc:datafield>
   <marc:datafield ind1="0" ind2="0" tag="245">
      <marc:subfield code="b">Kriminalroman</marc:subfield>
   </marc:datafield>
   <marc:datafield ind1=" " ind2="1" tag="264">
      <marc:subfield code="b">Wunderlich</marc:subfield>
      <marc:subfield code="c">2019</marc:subfield>
   </marc:datafield>
   <marc:datafield ind1="1" ind2=" " tag="490">
      <marc:subfield code="a">Bullenbrüder</marc:subfield>
   </marc:datafield>
   <marc:datafield ind1="1" ind2=" " tag="520">
      <marc:subfield code="a">Privatschnüffler Charlie Brinks ist unter die Bodyguards gegangen. Er kutschiert den CEO der insolventen Air Brandenburg durch die Gegend, weil der gerade tausende von Mitarbeitern entlassen musste und nun Fracksausen hat. Zu Hause bei Charlies Bruder, Kommissar Holger Brinks, treibt Mutter Anita alle in den Wahnsinn. Sie hat einen neuen Lover: Jean-Pierre, einen Steward,der gerade bei Air Brandenburg entlassen wurde. Holger ist dankbar für einen neuen Fall: Ein Maik Schuster hat Selbstmord begangen, mit einer eigens dafür besorgten Knarre. Doch zu Hause bei dem Toten findet Holger als erstes einen Schrank mit registrierten Waffen.Wer erschießt sich mit einem Gewehr vom Scharzmarkt, wenn er genug davon zu Hause hat? Dann wird der CEO, den Charlie bewacht, mit einer Waffe angeschossen, die auf Maik Schuster zugelassen war ... (Verlagstext)</marc:subfield>
   </marc:datafield>
   <marc:datafield ind1=" " ind2=" " tag="020">
      <marc:subfield code="a">9783805200400</marc:subfield>
      <marc:subfield code="9">9783805200400</marc:subfield>
   </marc:datafield>
</marc:record>
